Apodos reales : historia y leyenda de los motes regios /
Salvato in:
| Autore principale: | |
|---|---|
| Natura: | Elettronico eBook |
| Lingua: | spagnolo |
| Pubblicazione: |
Madrid :
Sílex,
2008.
|
| Serie: | Serie Historia (Sílex (Firm : Madrid, Spain))
|
| Soggetti: | |
| Accesso online: | Digitalia Hispánica |
| Tags: |
Aggiungi Tag
Nessun Tag, puoi essere il primo ad aggiungerne!!
|
MARC
| LEADER | 00000nam a2200000Ii 4500 | ||
|---|---|---|---|
| 001 | DIGSLX1336 | ||
| 003 | NyNyDIG | ||
| 006 | m o d | ||
| 007 | cr ||||||||||| | ||
| 008 | 100625s2008 sp ob 000 0dspa d | ||
| 020 | |z 847737211x | ||
| 020 | |z 9788477372110 | ||
| 035 | |a (OCoLC)888278367 | ||
| 040 | |a DGITA |b eng |e pn |c DGITA | ||
| 043 | |a e-sp--- | ||
| 050 | 1 | 4 | |a DP59 eBook |
| 100 | 1 | |a Leralta, Javier. | |
| 245 | 1 | 0 | |a Apodos reales : |b historia y leyenda de los motes regios / |c Javier Leralta. |
| 264 | 1 | |a Madrid : |b Sílex, |c 2008. | |
| 300 | |a 1 online resource (501 pages) | ||
| 336 | |a text |b txt |2 rdacontent | ||
| 337 | |a computer |b c |2 rdamedia | ||
| 338 | |a online resource |b cr |2 rdacarrier | ||
| 490 | 1 | |a Serie Historia | |
| 504 | |a Includes bibliographical references (p. 491-501). | ||
| 651 | 0 | |a Spain |x Kings and rulers. | |
| 651 | 0 | |a Spain |x History. | |
| 655 | 0 | |a Electronic books. | |
| 791 | 2 | |a Digitalia (Firm), |e distributor. | |
| 830 | 0 | |a Serie Historia (Sílex (Firm : Madrid, Spain)) | |
| 793 | 0 | |g Digitalia eBook Collection: |a Sílex. | |
| 856 | 4 | 0 | |3 Digitalia Hispánica |u https://digitalia.unach.elogim.com/a/1357/ |
| 910 | |a Premium Collection: 2007-2012 | ||